[Event "Balatonbereny GM"]
[Site "Balatonbereny"]
[Date "1996.??.??"]
[Round "5"]
[White "Wach, Markus"]
[Black "Bacrot, Etienne"]
[Result "1-0"]
[WhiteElo "2380"]
[BlackElo "2425"]
[Annotator "Ribli,Z"]
[PlyCount "48"]
[EventDate "1996.06.13"]
[EventType "tourn"]
[EventRounds "11"]
[EventCountry "HUN"]
[EventCategory "11"]
[SourceTitle "CBM 055"]
[Source "ChessBase"]
[SourceDate "1996.12.01"]
[SourceVersion "1"]
[SourceVersionDate "1996.12.01"]
[SourceQuality "1"]

1. e4 {Wach} c5 2. Nf3 e6 3. d4 cxd4 4. Nxd4 Nc6 5. Nb5 {Ribli. Wenn Schwarz
Angst vor dieser Variante hat, kann er - ich empfehle dieses System - mit 2...
Nc6 3.d4 cd 4.Nd4 Qc7 beginnen und nach 5.Nc3 e6 spielen. In diesem Fall muss
er mit der Variante 3.Bb5 oder 5.Nb5 Qb8 6.c4 rechnen, was zu aehnlichen
Stellungen wie unsere Partie fuehrt. Heutzutage ist diese Zugfolge mit 2...Nc6
und 4...Qc7 in Mode.} d6 6. c4 Nf6 7. N1c3 a6 8. Na3 b6 (8... d5 $5 {Ribli.
Diese interessante Variante ist in der letzten Zeit ziemlich in Vergessenheit
geraten.}) 9. Be3 (9. Be2 Bb7 10. O-O Nb8 11. Bd3 (11. f3 Nbd7 12. Be3 Be7 13.
Rc1 O-O 14. Qd2 Rc8 15. Rfd1 Qc7 16. Bf1 Qb8 17. Qf2 {Ribli.Das fuehrt zu
normalen Hauptvarianten,mit beiderseitigen Chancen,aber mit weisem Raumvorteil.
}) 11... Nbd7 12. Qe2 Qc7 13. Bd2 g6 $5 (13... Be7) 14. Rac1 Bg7 15. Rfd1 O-O
16. Bb1 Rfd8 17. Nc2 Rac8 18. Ne3 Qb8 $10 {Nunn-Horvath,J Luzern,1989.}) 9...
Bb7 {Ribli. Der schwarze Plan ist klar.In dieser sogenannten "Igel-Stellung"
steht der schwarze Springer nicht besonders gut auf c6,und Schwarz versucht so
schnell wie moeglich diesen Springer durch b8 nach d7 zu fuehren, und erst
spaeter die Entwicklung des Koenigsfluegels zu beenden.} 10. Be2 Nb8 $4 {
Ribli.Ein Fingerfehler!} (10... Be7 11. O-O Nb8 (11... O-O $14 {Wach}) 12. f3 (
12. e5 $2 dxe5 13. Qxd8+ Bxd8 $17) 12... Nbd7) 11. e5 Ng8 $2 (11... dxe5 12.
Qxd8+ Kxd8 13. Bxb6+ $5 {Ribli. Das ist klar vorteilhaft fuer Weis, aber viel
besser als die Partiefortsetzung. Der junge franzoesische Spieler spielt in
dieser Partie kopflos, aber er war in einer schwierigen psychologischen
Situation: in den vorangegangenen zwei Runden verlor er zwei Partien gegen die
ungarischen GMs Varga und Horvath,J.} (13. Na4 Nbd7 14. Nxb6 Nxb6 15. Bxb6+) (
13. Bxb6+ Kc8 14. O-O $16 Bxa3 15. bxa3 Nbd7 16. Be3)) (11... Nfd7 {Wach} 12.
Bf3 $14) (11... Ne4 {Wach}) 12. Bf3 $1 $16 {[#] Ribli. Weiss tauscht
natuerlich die einzige(!) entwickelte schwarze Figur.} Bxf3 13. Qxf3 Nd7 (13...
Ra7 {Dieser Turmzug ist keineswegs besser. Schwarz ist praktisch verloren!})
14. exd6 Bxd6 15. O-O-O Bxa3 {[#] [#]} (15... Ke7 16. Rhe1 (16. Rxd6 Kxd6 17.
Qxf7 $40)) (15... Bc7 16. Rd2 (16. Rxd7 $1 Kxd7 17. Rd1+ $18)) 16. Rxd7 $18 {
Ribli. Der unverblendete Oesterreicher laesst nicht diese schoene kleine
Kombination aus.} Kxd7 17. Rd1+ Bd6 18. Bf4 Qc8 (18... e5 19. Ne4 (19. Bxe5
Qg5+ 20. Bf4 $18)) (18... Ke8 {Wach} 19. Qc6+ Ke7 20. Bxd6+ $18) 19. Bxd6 Nf6 (
19... Ke8 20. Bc7) 20. Bf8+ Kc7 21. Bxg7 Rd8 22. Rxd8 Qxd8 23. Bxf6 Qc8 24.
Be5+ Kd8 {Ribli. Das war ein schwarzer Tag fuer Bacrot.} 1-0

[Event "RUS-Cup02"]
[Site "Moscow"]
[Date "1998.01.24"]
[Round "4"]
[White "Galkin, Alexander"]
[Black "Beshukov, Sergei"]
[Result "1-0"]
[WhiteElo "2565"]
[BlackElo "2405"]
[Annotator "Ribli,Z"]
[PlyCount "67"]
[EventDate "1998.01.21"]
[EventType "swiss"]
[EventRounds "9"]
[EventCountry "RUS"]
[SourceTitle "CBM 063"]
[Source "ChessBase"]
[SourceDate "1998.03.26"]
[SourceVersion "1"]
[SourceVersionDate "1998.03.26"]
[SourceQuality "1"]

1. e4 c5 2. Nf3 Nc6 3. d4 cxd4 4. Nxd4 e6 5. Nb5 d6 6. c4 {Die andere
Möglichkeit für Weiß wäre 6.Bf4 e5 7.Be3, wonach der Punkt d5 schwach ist.
Nach der Partiefortsetzung kontrolliert Weiß mehr Raum, aber Schwarz hat eine
feste Stellung. Ribli.} Nf6 7. N1c3 a6 8. Na3 d5 {Das ist eine heutzutage
selten gespielte Fortsetzung. Es ist vielleicht nicht bekannt, daß dieser Zug
zuerst in einer Partie Honfi - Dely, Ungarische Meisterschafft l965(!)
gespielt wurde. Der Partiezug wurde schon sehr häufig gespielt nach dem
sensationellen schwarzen Sieg in der 12. Wettkampfpartie Karpov - Kasparov,
Moskau 1985. Schwarz opfert einen Bauern für Komplikationen und wenn er ihn
zurückgewinnt, hat er gleiche Chancen.} 9. exd5 exd5 10. cxd5 Nb4 11. Be2 (11.
Bc4 Bg4 12. Be2 (12. Qd4 b5 13. Bb3 (13. Ncxb5 axb5 14. Bxb5+ Bd7 15. O-O (15.
d6 Nc2+ 16. Nxc2 Qa5+ 17. Bd2 Qxb5 18. O-O-O Rxa2 {0-1 Santo Roman,M-Kouatly,B/
Cannes 1986 (39)}) 15... Nbxd5 16. Re1+ Be7 17. Bg5 Bxb5 18. Nxb5 O-O 19. Qe5
Qd7 20. a4 Bb4 {0-1 Vemic,M-Djordjevic,S/cr 1987 (36)}) 13... Bc5 14. Qe5+ Kf8
15. Bc2 Qd7 16. O-O Re8 17. Qg3 Nxc2 18. Nxc2 b4 19. Nd1 Be2 20. Re1 Ne4 21.
Qb3 Bxd1 22. Rxd1 Bxf2+ 23. Kh1 h5 {0-1 Guliev,L-Zaitsev,M/Moscow-ch 1996 (33)}
) 12... Bxe2 13. Qxe2+ Qe7 14. Be3 Nbxd5 15. Nc2 Nxe3 16. Nxe3 Qe6 17. O-O Bc5
18. Rfe1 O-O {1/2-1/2 Karpov,A-Kasparov,G/Wch32-KK2 1985}) 11... Nfxd5 (11...
Bc5 $6 12. Be3 $1 Bxe3 (12... Qe7 13. Nc4 Bf5 14. Bxc5 Qxc5 15. Ne3 Bg6 16. a3
Nbxd5 17. Ncxd5 Rd8 18. Nxf6+ gxf6 19. Qa4+ {1-0 Plyter-Leek/cr Nederland 1988}
) 13. Qa4+ Nd7 14. Qxb4 Bc5 15. Qe4+ Kf8 16. O-O b5 17. Nc2 $16 {Karpov,A- Van
der Wiel,J, Bruxelles 1986.}) 12. O-O Be6 (12... Be7 13. Nxd5 Qxd5 14. Nc4 $14)
13. Qa4+ {Eine 1993 von Almasi in die Turnierpraxis eingeführtete Fortsetzung.
Ich bin der Meinung, daß die ganze Variante mit 8...d5 keine vollwertigen
Chancen für Schwarz bietet.} (13. Nxd5 Qxd5 14. Bf3 (14. Bc4 Qxd1 15. Rxd1 Bc5
$5 16. Bxe6 fxe6 17. Nc4 Nc2 18. Rb1 O-O 19. Be3 $11 {Korneev-Horvath,Jo.1993
Velden.}) 14... Qxd1 15. Rxd1 Be7 16. Bxb7 {= Ernst,T-Brodskij,M/Helsinki 1992}
) 13... b5 (13... Qd7 14. Qxd7+ (14. Bb5 Nc6 15. Rd1 Nxc3 16. bxc3 Qc8 $13 {
Weiß hat Entwicklungsvorsprung, aber sein Springer steht schlecht auf a3 und
wenn Weiß keine konkreten Drohungen schaffen kann, beendet Schwarz ruhig seine
Entwicklung.}) 14... Kxd7 15. Rd1 {[%csl Rd7]} Rd8 16. Bf4 $16) 14. Naxb5 axb5
15. Bxb5+ Ke7 16. Nxd5+ Nxd5 17. Qe4 $44 {Weiß hat zwei Bauern und Initiative
für die geopferte Figur bekommen. Das Hauptproblem für Schwarz ist die
schlechte Stellung seines Königs in der Mitte.} f5 $5 {Nach meiner Meinung ist
das die beste Möglichkeit für Schwarz, seine Figuren zu aktivieren.} (17... Qd6
18. Re1 f6 19. Bf4 Qb6 20. Qxd5 Rd8 21. Qb3 Rc8 22. Rad1 Kf7 23. Be8+ {1-0
Hlgatian,G-De Kleuver,E/Erevan olw 1996}) 18. Qf3 Kf7 19. Rd1 {[%csl Rf7][%cal
Gd1d8,Gf3a8] Die Kreuzfesselung des schwarzen Springers ist sehr unangenehm.}
Rc8 20. Ba4 Qa5 (20... Be7 21. Bb3 Rc5 22. Be3 $44 {[%csl Rf7]}) (20... Qh4 $2
21. Bb3 Nf6 22. Bxe6+ $16 Kxe6 23. Re1+ Ne4 24. g3 $1 $18 Qh3 (24... Qd8 25.
Rxe4+ fxe4 26. Qxe4+ Kf7 (26... Kf6 27. Qf3+ Ke6 28. Bf4) 27. Qf5+ Kg8 (27...
Qf6 28. Qxc8 $18) (27... Ke8 28. Bg5 $18 {[%csl Re8]}) 28. Qe6#) 25. Bg5 (25.
Qb3+ Kf6 26. Qb6+ Kf7 (26... Bd6 27. Bf4 Rhd8 28. Rad1 Rb8 29. Rxd6+ $1 Nxd6
30. Qd4+ Kg6 31. Re6+ Kf7 32. Rxd6 Rxd6 33. Qxd6 Re8 34. Be3 $16) 27. Qb7+ Be7
28. f3 $18) 25... Bc5 26. Qb3+ Ke5 27. Rad1 Bxf2+ 28. Kh1 $18 {[%csl Re5]}) 21.
Bb3 Rd8 (21... Rc5 $5) 22. Bd2 Qb6 $6 (22... Qb5 23. Bc3 $44 Be7 $5) 23. Bc3
Nf6 (23... Qb5 24. Rd2 Be7 25. Re1 $44) 24. Rxd8 Qxd8 25. Bxf6 $1 Kxf6 (25...
Qxf6 26. Re1 {[%csl Re6,Rf7]} Bxb3 27. Qxb3+ Kg6 28. Re6 $18) 26. Qc3+ Kf7 27.
Re1 $18 Bxb3 (27... Bd5 28. Rd1 $18) 28. Qxb3+ Kg6 (28... Kf6 29. Re6+ Kg5 (
29... Kf7 30. Rd6+ $18) 30. f4+ Kxf4 31. Qg3#) 29. Re6+ Kh5 30. Qf3+ Kg5 31.
h4+ (31. Qe3+ $5 {Nachdem die Partiefortsetzung leicht gewinnt, ist dies nur
eine Nebenlösung.} f4 (31... Kh5 32. Qe2+ Kg5 33. f4+ Kh4 (33... Kxf4 34. g3+
Kg5 35. h4#) 34. g3+ Kh3 35. Qh5+ $18) 32. Qe5+ Kh4 33. Qxf4+ Kh5 34. g4+ Kh4
35. Qg3+ Kg5 36. h4#) 31... Kxh4 32. g3+ Kg5 33. Qf4+ Kh5 34. Qxf5+ {und
Schwarz gab auf. Er wird Matt. Ribli.} (34. Qxf5+ Qg5 35. Qh3+ $18) 1-0

[Event "Ciocaltea Memorial"]
[Site "Bucharest"]
[Date "1994.??.??"]
[Round "4"]
[White "Milu, Romeo Sorin"]
[Black "Brodsky, Michail"]
[Result "0-1"]
[WhiteElo "2430"]
[BlackElo "2500"]
[Annotator "Ribli,Z"]
[PlyCount "97"]
[EventDate "1994.02.??"]
[EventType "tourn"]
[EventRounds "13"]
[EventCountry "ROU"]
[EventCategory "9"]
[SourceTitle "CBM 040"]
[Source "ChessBase"]
[SourceDate "1994.06.01"]
[SourceVersion "1"]
[SourceVersionDate "1994.06.01"]
[SourceQuality "1"]

1. e4 c5 2. Nf3 e6 3. d4 cxd4 4. Nxd4 Nc6 5. Nb5 d6 6. c4 Nf6 7. N5c3 $6 Be7 8.
g3 b6 $1 9. Bg2 Bb7 10. O-O O-O 11. b3 (11. f4 $13 {Hait-Tunik/Lipeck/1993/
INF58,(216)/}) 11... Rc8 12. Bb2 Qc7 13. Na3 Qb8 14. Nc2 (14. Rc1 a6 15. Qe2
Rfe8 $10 {Lutz,C-Lautier,J/Dortmund/1993/CBM35/INF58,(216)/}) 14... a6 15. Qe2
Rfe8 16. Rad1 Nd7 17. Rd2 Na7 18. Rfd1 Bf8 19. Nd4 g6 20. Qg4 Qc7 21. Rc1 Bh6
22. f4 Bg7 23. Qd1 (23. h3 $2 b5 $1 24. cxb5 Qb6 $17) 23... Rcd8 24. Nde2 Nf6
25. h3 (25. a4 Ng4 $36) 25... b5 $1 26. cxb5 Qb6+ 27. Kh2 axb5 28. b4 e5 29.
Nd5 Nxd5 30. exd5 Nc8 31. fxe5 dxe5 32. Rc5 Nd6 33. Nc3 Bc8 34. Rc6 (34. Ne4 $2
Nc4 35. Rc6 Qb7 $17) 34... Qb8 35. Rxd6 (35. Bf1 Bd7 36. Rc5 e4 $15) 35... Qxd6
36. a3 Qb6 37. Qf1 (37. d6 Bb7 38. Nd5 Bxd5 39. Bxd5 Rxd6 40. Bxf7+ Kxf7 41.
Rxd6 Qf2+ 42. Kh1 Qxb2 43. Qd5+ Kf8 44. Rd7 Qf2 $19) 37... Bd7 38. Ne4 (38. d6
$5) 38... Bf5 39. Nc5 h5 40. Qd1 e4 41. Bxg7 Kxg7 42. Re2 (42. d6 e3 $19) 42...
Qd6 43. Nxe4 Qe5 $1 (43... Qxd5 $2 44. Rd2 Bxe4 45. Rxd5 Rxd5 $15) 44. Qe1 (44.
d6 Kf8 $19) 44... Qxd5 45. Nc3 Rxe2 46. Qxe2 Bd3 47. Qd2 Qe5 48. h4 Rd4 49. Kg1
0-1

[Event "Tilburg"]
[Site "Tilburg"]
[Date "1994.??.??"]
[Round "1"]
[White "Almasi, Zoltan"]
[Black "Ionov, Sergey"]
[Result "0-1"]
[WhiteElo "2620"]
[BlackElo "2530"]
[Annotator "Ribli,Z"]
[PlyCount "96"]
[EventDate "1994.09.??"]
[EventType "k.o."]
[EventRounds "7"]
[EventCountry "NED"]
[SourceTitle "CBM 044"]
[Source "ChessBase"]
[SourceDate "1995.02.01"]
[SourceVersion "1"]
[SourceVersionDate "1995.02.01"]
[SourceQuality "1"]

1. e4 c5 2. Nf3 e6 3. d4 cxd4 4. Nxd4 Nc6 5. Nb5 d6 6. c4 Nf6 7. N1c3 a6 8. Na3
Be7 9. Be2 O-O 10. O-O b6 11. Be3 Ne5 12. f3 Qc7 13. Rc1 Bb7 14. Qe1 (14. Qd2
Rac8 15. Rfd1 $13 {Nikolenko,O-Frolov,A/URS-ch58/1991/CBM27/}) 14... Ned7 (
14... Rac8 15. Qg3 Kh8 16. Kh1 Rg8 17. Bd4 Bd8 18. Rfd1 Qb8 19. Be3 $13 {
Kruppa,Y-Frolov,A/Ukraina-ch/1990/CBM21/}) 15. Qf2 Rac8 16. Nc2 (16. Rfd1 Qb8
17. Kh1 Bd8 18. Rc2 Bc7 19. Qg1 Rfe8 $13 {Galkin,A-Poluljahov,A/St.Petersburg
op/1994/CBM41/}) 16... Bd8 17. Nd4 Qb8 18. g4 h6 19. h4 Nh7 $5 20. b3 (20. Qh2
Bf6 $13) 20... g5 $5 21. Qh2 Bf6 22. hxg5 hxg5 23. Kg2 Rfe8 $1 24. Rh1 Nhf8 25.
Qh6 (25. Bxg5 $2 Bxd4 $19 (25... Bxg5 $4 26. Qh8#)) 25... Rc5 26. Rh5 (26. b4
Bg7 27. Qh2 Re5 $15) 26... Ng6 27. Rxg5 (27. Qh7+ Kf8 28. Rh6 Ke7 29. Rxg6 Nf8
$19) 27... Bg7 $1 28. Rxg6 (28. Qh5 Nf6 29. Qh2 (29. Qh3 Rxg5 30. Bxg5 Nh7 31.
Be3 Bxd4 32. Bxd4 Nf4+ $19) 29... Rxg5 30. Bxg5 Nxg4 31. fxg4 Bxd4 $17) 28...
fxg6 29. Qh3 (29. Qxg6 $2 Nf8 $19) 29... d5 $1 30. Nxe6 Rxe6 31. cxd5 Re8 32.
Bxc5 Nxc5 33. b4 Nd7 34. g5 Qd6 35. Nd1 Re7 36. Ne3 Qf4 $1 37. d6 Qxg5+ 38. Kf2
(38. Qg3 Qxg3+ 39. Kxg3 Be5+ $19) 38... Bd4 39. Bc4+ Kg7 40. dxe7 Qxe3+ 41. Kg2
Qd2+ 42. Be2 (42. Kg3 Be5+ 43. Kg4 Nf6+ 44. Kh4 g5#) 42... Qxe2+ 43. Kh1 Nf6
44. Qg3 Bxe4 45. fxe4 Qxe4+ 46. Qg2 Qh4+ 47. Qh2 Qe4+ 48. Qg2 Qxe7 0-1

[Event "DEN-ch"]
[Site "Odense"]
[Date "1994.??.??"]
[Round "6"]
[White "Sahl, Bjarke"]
[Black "Hansen, Curt"]
[Result "0-1"]
[WhiteElo "2465"]
[BlackElo "2580"]
[Annotator "Ribli,Z"]
[PlyCount "64"]
[EventDate "1994.07.??"]
[EventType "tourn"]
[EventRounds "9"]
[EventCountry "DEN"]
[EventCategory "10"]
[SourceTitle "CBM 041"]
[Source "ChessBase"]
[SourceDate "1994.08.01"]
[SourceVersion "1"]
[SourceVersionDate "1994.08.01"]
[SourceQuality "1"]

1. e4 c5 2. Nf3 e6 3. d4 cxd4 4. Nxd4 Nc6 5. Nb5 d6 6. c4 Nf6 7. N1c3 a6 8. Na3
Be7 9. Be2 O-O 10. O-O b6 11. Be3 Bb7 12. Qb3 Nd7 13. Rfd1 Nc5 (13... Re8 $5)
14. Qc2 Bf6 15. Qd2 $6 (15. Rac1 $5 Bxc3 16. Qxc3 Nxe4 17. Qb3 Rb8 18. Bxb6 Qf6
19. Qe3 $14 {Nunn,J-Ljubojevic,L/Belgrad/1991/CBM27/}) 15... Bxc3 16. Qxc3 Nxe4
17. Qb3 Rb8 18. Bxb6 Qe7 $5 19. Qe3 Ba8 20. Bf3 (20. Qxe4 $5 Rxb6 21. b3 $13)
20... f5 21. b3 (21. Bxe4 fxe4 22. c5 d5 23. Nc2 Ne5 $15) 21... Ne5 22. Bxe4
fxe4 23. Bd4 (23. c5 d5 $15) 23... Nd3 24. Nc2 (24. f3 e5 $17) (24. Rd2 e5 25.
Bc3 d5 $19) 24... Rxf2 25. Rd2 (25. Ne1 Rbf8 26. Nxd3 exd3 27. Qxf2 Rxf2 28.
Bxf2 Qg5 29. g3 Qf5 $19) (25. Rxd3 Rxg2+ $1 26. Kxg2 exd3+ 27. Kg1 dxc2 $19)
25... Rf5 26. Qe2 Rbf8 27. Be3 e5 28. Rad1 Qh4 29. h3 Bc6 30. Kh2 h5 31. Bg1
Rf3 $1 32. Ne3 (32. gxf3 Qf4+ 33. Kh1 exf3 34. Qxd3 f2+ $19) 32... Rf2 0-1

[Event "Hoogovens"]
[Site "Wijk aan Zee"]
[Date "1996.01.25"]
[Round "10"]
[White "Leko, Peter"]
[Black "Topalov, Veselin"]
[Result "1/2-1/2"]
[WhiteElo "2625"]
[BlackElo "2700"]
[Annotator "Ribli,Z"]
[PlyCount "83"]
[EventDate "1996.01.13"]
[EventType "tourn"]
[EventRounds "13"]
[EventCountry "NED"]
[EventCategory "17"]
[SourceTitle "CBM 051"]
[Source "ChessBase"]
[SourceDate "1996.04.01"]
[SourceVersion "1"]
[SourceVersionDate "1996.04.01"]
[SourceQuality "1"]

1. e4 c5 2. Nf3 e6 3. d4 cxd4 4. Nxd4 Nc6 5. Nb5 d6 6. Bf4 $5 {In der letzten
Zeit kommt diese Variante nur sehr selten vor. Leko wird seinen Gegner
ueberraschen.} e5 7. Be3 a6 (7... Nf6 $5 8. Bg5 Be6 9. Nd2 Be7 10. Bxf6 Bxf6
11. Nc4 O-O 12. Qxd6 Qc8 13. c3 Bxc4 14. Bxc4 Qg4 $44 {Nunn,J-Tal,M/Reykjavik
WCup/CBM10/1988/INF46,(229)/}) 8. N5c3 Nf6 9. Bg5 (9. Bc4 Be7 10. Nd5 Nxd5 11.
Bxd5 O-O 12. Qd2 Be6 13. Nc3 Rc8 14. O-O b5 15. a3 (15. Rfd1 $5) 15... Qc7 16.
Rfd1 Na5 $13 {Ninov,N-Horvath,J/Odorheiu zt/1995/CBM47/}) 9... Be7 10. Nd2 $5
$146 (10. Bxf6 Bxf6 11. Nd2 O-O 12. Nc4 b5 13. Nxd6 Be6 14. Nf5 Bxf5 15. Qxd8
Raxd8 16. exf5 e4 $44 {Berg,K-Eingorn,V/London/1989/INF48,(239)/}) 10... O-O
11. Nc4 Be6 (11... Nxe4 $2 12. Bxe7 Nxc3 13. Bxd8 Nxd1 14. Bc7 $1 b5 15. Nb6
Ra7 16. Bxd6 Rd8 17. Nxc8 Rxc8 18. Rxd1 $18) (11... b5 $5 12. Bxf6 (12. Ne3 $2
Nxe4 $1 13. Bxe7 Nxc3 14. Bxd8 Nxd1 $17) 12... Bxf6 13. Nxd6 {Siehe die
Anmerkungen bei 10.Bxf6.}) 12. Bxf6 Bxf6 13. Qxd6 $1 Qxd6 (13... Bxc4 $2 14.
Qxd8 Rfxd8 15. Bxc4 $16 {Schwarz hat keine Kompensation fuer den Bauern.}) 14.
Nxd6 b5 15. Bd3 (15. Nf5 Bxf5 16. exf5 e4 $5 17. Nxe4 Rfe8 18. Bd3 Bxb2 19. Rb1
Bc3+ 20. Kf1 Bd4 {Der Unterschied ist zwischen dieser Stellung und der anderen
Partie --Berg-Eingorn siehe oben--, dass der schwarze Turm nicht auf d8
sondern auf a8 steht. Jetzt ist sehr fragwuerdig, ob Schwarz genugend
Kompensation hat oder nicht?}) 15... g6 {Droht /\ Be7} 16. Nb7 (16. a4 b4 $2 (
16... Be7 $5 17. axb5 Nd4 (17... axb5 18. Rxa8 Rxa8 19. Ndxb5 Ra1+ 20. Nd1 $16)
18. Nb7 axb5 19. O-O Rxa1 20. Rxa1 Rb8 21. Na5 Rc8 $44 {/\ b4 oder Bb4 ><c2})
17. Nd5 Bxd5 18. exd5 Ne7 19. Ne4 Bg7 (19... Nxd5 $2 20. Bc4 $18) 20. Bc4 $16)
16... Be7 {Droht /\ Rfc8} 17. Nd5 Bxd5 18. exd5 Nb4 19. Be4 (19. d6 Nxd3+ 20.
cxd3 Rfb8 21. dxe7 Rxb7 $10) 19... f5 20. a3 fxe4 21. axb4 Bxb4+ 22. c3 Rf7 $1
(22... Be7 23. Ke2 Rfb8 24. Na5 $16 {Weiss ist im klaren Vorteil: 1.Er hat
eine bessere Bauernstruktur. 2.Seine Figuren postieren gut-Na5,Ra1,Ke2-.}) 23.
cxb4 Rxb7 {Im Endergebnis hat der Nachziehende den Bauern zurueckerobert und
jetzt ist das Endspiel ohne weiteres haltbar fuer ihn.} 24. Ke2 Rd7 25. Rhd1 {
Droht /\ Ke3,Kxe4} Rad8 $1 26. Rxa6 Rxd5 27. Rxd5 Rxd5 28. Rb6 Kg7 29. h4 h5
30. g3 Kf7 31. Ke3 Kg7 32. Kxe4 Rd4+ 33. Kxe5 Rxb4 34. Rb7+ Kh6 $1 $8 (34...
Kg8 $4 35. Kf6 $18) 35. f3 Rxb2 36. g4 hxg4 37. fxg4 Rh2 (37... Re2+ 38. Kf4
g5+ $1 (38... Rf2+ $4 39. Kg3 Rb2 40. g5+ Kh5 41. Rh7#) 39. hxg5+ Kg6 $10) 38.
g5+ Kh5 39. Rh7+ Kg4 40. Kf6 Rxh4 41. Rb7 (41. Rxh4+ Kxh4 42. Kxg6 b4 43. Kf6
b3 44. g6 b2 45. g7 b1=Q 46. g8=Q $10) 41... Kh5 $8 42. Rh7+ {Ribli} 1/2-1/2